00719 a2200193 4500010001400000020002600014035001300040037001500053082001100068090001500079100002100094245004700115260005500162270010100217300003100318942002600349999001500375952013500390 aENG-88002 a9788190480390c700.00 aEN-71534 bDBAD / PUB14a660.62 c7596d75961 aParihar, Promila1 aApplied microbiology /cby Promila Parihar aNew DelhibSwastik Publishers & Distributorsc2007 a31, Gali No.1, A-Block, Pocket-5, CRP Water Tank, Sonia ViharbDelhie110 094cDelhik9899462604 aviii, 306 p.c24 cm ( Hb.) adplcENk660.62 / PAR c7464d7464 00102ddc40718NFICaDBADbDBADeDBAD/PUBg700.00l0o660.62 PARpEN-71535r2008-09-15 00:00:00t1u8346v700.00w2008-09-15yEN